Rugby World Cup Finalists - Statistics

General Stats
  • This quiz has been taken 53 times
  • The average score is 6 of 8
Answer Stats
Year Finalists % Correct
2015 Australia - New Zealand
91%
2003 England - Australia
89%
1995 South Africa - New Zealand
84%
2007 South Africa - England
82%
1987 New Zealand - France
77%
1991 Australia - England
73%
2011 New Zealand - France
73%
1999 Australia - France
64%
No matching quizzes found
Score Distribution
Percent of People with Each Score
Percentile by Number Answered
Your Score History
You have not taken this quiz